[Event "Pula Uljanik CC-ch"]
[Site "Pula"]
[Date "2013.02.28"]
[Round "9"]
[White "Racic, Zoran"]
[Black "Pasalic, Enio"]
[Result "1/2-1/2"]
[WhiteElo "1980"]
[BlackElo "2058"]
[PlyCount "82"]
[EventDate "2013.01.17"]
[EventType "swiss"]
[EventRounds "9"]
[EventCountry "CRO"]
[SourceTitle "EXT 2014"]
[Source "ChessBase"]
[SourceDate "2013.11.20"]
[SourceVersion "1"]
[SourceVersionDate "2013.11.20"]
[SourceQuality "1"]

1. Nf3 Nf6 2. d4 e6 3. Bf4 d5 4. e3 Nbd7 5. c3 c5 6. Bd3 Qb6 7. b3 Bd6 8. Ne5 Qc7 9. Nxd7 Bxd7 10. Bxd6 Qxd6 11. Nd2 Rc8 12. 0-0 0-0 13. Rc1 e5 14. dxe5 Qxe5 15. h3 Bc6 16. Nf3 Qh5 17. Nh2 Qxd1 18. Rfxd1 Rfe8 19. Nf1 Ne4 20. f3 Nf6 21. Kf2 g6 22. g4 h6 23. h4 Re5 24. Re1 Rce8 25. Re2 Kg7 26. Rce1 b5 27. Ng3 a5 28. h5 Bd7 29. hxg6 fxg6 30. e4 c4 31. Bc2 Bc6 32. exd5 Rxe2+ 33. Rxe2 Rxe2+ 34. Nxe2 Bxd5 35. b4 axb4 36. cxb4 Bc6 37. a3 Kf7 38. Ke3 g5 39. Nd4 Bd7 40. Be4 Nxe4 41. Kxe4 Kf6 1/2-1/2

[Event "Pula Uljanik CC-ch"]
[Site "Pula"]
[Date "2013.01.26"]
[Round "2"]
[White "Mrdjen, David"]
[Black "Racic, Zoran"]
[Result "0-1"]
[WhiteElo "1980"]
[BlackElo "1980"]
[PlyCount "72"]
[EventDate "2013.01.17"]
[EventType "swiss"]
[EventRounds "9"]
[EventCountry "CRO"]
[SourceTitle "EXT 2014"]
[Source "ChessBase"]
[SourceDate "2013.11.20"]
[SourceVersion "1"]
[SourceVersionDate "2013.11.20"]
[SourceQuality "1"]

1. e4 e5 2. Nf3 Nc6 3. Bb5 d6 4. d4 exd4 5. Nxd4 Bd7 6. Bxc6 bxc6 7. Be3 Nf6 8. Nc3 Be7 9. Qd2 c5 10. Nde2 Ng4 11. Bf4 Rb8 12. h3 Nf6 13. b3 Bc6 14. f3 a5 15. Rd1 Qc8 16. 0-0 0-0 17. Ng3 Bd7 18. e5 dxe5 19. Bxe5 Be6 20. Qf4 Ne8 21. Nce4 a4 22. Nh5 f6 23. Ba1 axb3 24. cxb3 c4 25. bxc4 Qa6 26. Rfe1 Qxc4 27. Qg3 Bf5 28. Nexf6+ Bxf6 29. Bxf6 Bg6 30. Bd4 Qf7 31. Qg5 Bxh5 32. Re7 Qg6 33. Qd5+ Kh8 34. g4 Nf6 35. Bxf6 Qxf6 36. Re6 Qf4 0-1

[Event "Pula Uljanik CC-ch"]
[Site "Pula"]
[Date "2013.01.26"]
[Round "1"]
[White "Racic, Zoran"]
[Black "Rajkovic, Frano"]
[Result "1/2-1/2"]
[WhiteElo "1980"]
[BlackElo "1596"]
[PlyCount "140"]
[EventDate "2013.01.17"]
[EventType "swiss"]
[EventRounds "9"]
[EventCountry "CRO"]
[SourceTitle "EXT 2014"]
[Source "ChessBase"]
[SourceDate "2013.11.20"]
[SourceVersion "1"]
[SourceVersionDate "2013.11.20"]
[SourceQuality "1"]

1. d4 d5 2. Nf3 Nf6 3. Bf4 e6 4. e3 c5 5. c3 Be7 6. Bd3 Qb6 7. Qc2 h6 8. Nbd2 Nc6 9. 0-0 cxd4 10. exd4 Bd7 11. Ne5 Rc8 12. Nxc6 Rxc6 13. Nf3 0-0 14. Qd2 Rcc8 15. Ne5 Bb5 16. Bxb5 Qxb5 17. a4 Qb6 18. a5 Qb5 19. f3 Bd8 20. b4 Bc7 21. Bxh6 gxh6 22. Qxh6 Bxe5 23. Qg5+ Kh7 24. dxe5 Ng8 25. Qe3 Nh6 26. f4 Rg8 27. Rf3 a6 28. Rh3 Rg6 29. Rf1 Rcg8 30. g3 Qc4 31. f5 exf5 32. Rxf5 Kg7 33. Rfh5 Qe4 34. Qxe4 dxe4 35. R3h4 f5 36. exf6+ Rxf6 37. Rxe4 Kg6 38. Rhe5 Rf3 39. c4 Rb3 40. b5 axb5 41. Rxb5 Rxb5 42. cxb5 Kf6 43. a6 bxa6 44. bxa6 Ra8 45. Ra4 Ra7 46. Kf2 Nf5 47. g4 Ne7 48. h4 Kg6 49. h5+ Kg5 50. Kf3 Nc6 51. Kg3 Nb8 52. Ra5+ Kh6 53. Rb5 Nxa6 54. Ra5 Kg7 55. g5 Kh7 56. Kg4 Kg7 57. h6+ Kg6 58. Rd5 Nb8 59. Rd6+ Kh7 60. Kh5 Ra5 61. Rb6 Nd7 62. Re6 Nf8 63. Re7+ Kg8 64. Rb7 Rc5 65. Rb8 Rf5 66. Kg4 Rf1 67. g6 Rg1+ 68. Kf5 Rxg6 69. Rxf8+ Kxf8 70. Kxg6 Kg8 1/2-1/2

[Event "CRO-chT2 West"]
[Site "Rijeka"]
[Date "2012.04.22"]
[Round "6.34"]
[White "Zilic, Boris"]
[Black "Racic, Zoran"]
[Result "0-1"]
[WhiteElo "2103"]
[BlackElo "1949"]
[PlyCount "109"]
[EventDate "2012.03.17"]
[EventType "team-tourn"]
[EventRounds "9"]
[EventCountry "CRO"]
[SourceTitle "EXT 2013"]
[Source "ChessBase"]
[SourceDate "2012.11.22"]
[SourceVersion "1"]
[SourceVersionDate "2012.11.22"]
[SourceQuality "1"]

1. g3 d5 2. Bg2 e5 3. d3 c6 4. Nd2 Bc5 5. c3 Nf6 6. e3 Bg4 7. f3 Be6 8. d4 exd4 9. exd4 Bd6 10. Ne2 h5 11. Nf1 h4 12. Rg1 Qc7 13. Bf4 Nbd7 14. Bxd6 Qxd6 15. Nf4 0-0-0 16. Qd2 Nb6 17. 0-0-0 h3 18. Bh1 a5 19. Ne3 a4 20. Rge1 Nfd7 21. Nxe6 fxe6 22. Ng4 Nc4 23. Qg5 b5 24. a3 Rhe8 25. Qxg7 c5 26. Ne5 Ndxe5 27. dxe5 Qb6 28. Qh7 b4 29. cxb4 cxb4 30. axb4 Qxb4 31. Qc2 Re7 32. Qc3 Qb5 33. Re2 Rc7 34. Rc2 Rdd7 35. Qd3 Rc5 36. Kb1 Rb7 37. Rdc1 Qb3 38. Qxb3 Rxb3 39. Ka2 Rcb5 40. Rxc4+ dxc4 41. Rxc4+ Kd8 42. Rd4+ Ke7 43. Rd2 a3 44. bxa3 Rb1 45. Bg2 hxg2 46. Rxg2 Rf1 47. f4 Rbb1 48. Rc2 Ra1+ 49. Kb3 Rf3+ 50. Kb4 Rfxa3 51. Rc7+ Kd8 52. Rg7 Rd3 53. Kc4 Rd7 54. Rg8+ Ke7 55. g4 0-1

[Event "CRO-chT3 West"]
[Site "Croatia"]
[Date "2010.04.25"]
[Round "5.25"]
[White "Racic, Zoran"]
[Black "Romic, Tomislav"]
[Result "1/2-1/2"]
[WhiteElo "1939"]
[BlackElo "1976"]
[PlyCount "58"]
[EventDate "2010.03.27"]
[EventType "team-tourn"]
[EventRounds "9"]
[EventCountry "CRO"]
[SourceTitle "EXT 2012"]
[Source "ChessBase"]
[SourceDate "2011.11.24"]
[SourceVersion "1"]
[SourceVersionDate "2011.11.24"]
[SourceQuality "1"]

1. e4 c5 2. d4 e6 3. d5 exd5 4. exd5 d6 5. c4 Nf6 6. Bd3 g6 7. Nc3 Bg7 8. Qe2+ Qe7 9. Qxe7+ Kxe7 10. Nf3 a6 11. 0-0 Re8 12. Re1+ Kf8 13. Rxe8+ Nxe8 14. h3 f5 15. Bf4 h6 16. h4 Nd7 17. Re1 Ndf6 18. Na4 Nh5 19. Bh2 Bd7 20. Nb6 Rd8 21. Re2 Nhf6 22. Nd2 Ng4 23. Bf4 Be5 24. Bxe5 Nxe5 25. Bc2 Nf6 26. g3 Be8 27. f4 Ned7 28. Nxd7+ Bxd7 29. b3 Re8 1/2-1/2

[Event "CRO-chT3"]
[Site "Rijeka/Pula"]
[Date "2009.04.26"]
[Round "6"]
[White "Racic, Zoran"]
[Black "Radolovic, Mladen"]
[Result "0-1"]
[WhiteElo "1979"]
[BlackElo "1832"]
[PlyCount "148"]
[EventDate "2009.04.04"]
[EventType "team-tourn"]
[EventRounds "9"]
[EventCountry "CRO"]
[SourceTitle "EXT 2011"]
[Source "ChessBase"]
[SourceDate "2010.11.26"]
[SourceVersion "1"]
[SourceVersionDate "2010.11.26"]
[SourceQuality "1"]

1. e4 e5 2. d4 exd4 3. c3 dxc3 4. Bc4 d6 5. Ne2 Nc6 6. 0-0 Nf6 7. Nbxc3 Be7 8. f4 0-0 9. a3 h6 10. h3 Kh8 11. Be3 Bd7 12. Rc1 a6 13. b4 Nh7 14. Qc2 f5 15. Bd3 fxe4 16. Bxe4 Nf6 17. Bg6 Be8 18. Rf3 Bxg6 19. Qxg6 Qe8 20. Qc2 Qf7 21. Rcf1 Rae8 22. g4 Bd8 23. Bc1 Qc4 24. Qd3 Qxd3 25. Rxd3 Ne4 26. Nd5 Ne7 27. Nxe7 Rxe7 28. f5 Rfe8 29. Nf4 Rf7 30. Ng6+ Kg8 31. Re1 c6 32. h4 d5 33. Rf3 Nf6 34. Rxe8+ Nxe8 35. Bf4 Nf6 36. a4 Nxg4 37. Bd6 Nf6 38. b5 axb5 39. axb5 Ne4 40. Bh2 Bc7 41. Ra3 Bxh2+ 42. Kxh2 Kh7 43. bxc6 bxc6 44. Ra8 Rxf5 45. Nf8+ Kg8 46. Ne6+ Kf7 47. Nd8+ Kg6 48. Nxc6 Kh5 49. Nd4 Rf4 50. Re8 Rxh4+ 51. Kg2 Rg4+ 52. Kh2 Nf6 53. Re5+ Kg6 54. Nf3 Re4 55. Rxe4 dxe4 56. Nd4 h5 57. Kg3 Nd5 58. Kh4 e3 59. Kg3 Nc3 60. Nc2 e2 61. Kf4 Kf6 62. Ke3 Ke5 63. Kd3 Nb5 64. Ne1 Nd4 65. Ke3 g5 66. Nd3+ Kd5 67. Nb4+ Kc4 68. Nd3 h4 69. Kd2 Kd5 70. Ke3 g4 71. Kf4 g3 72. Kg4 Ke4 73. Ne1 Ke3 74. Kxh4 Nf3+ 0-1

[Event "CRO Cup"]
[Site "Rabac"]
[Date "2004.06.24"]
[Round "6"]
[White "Sikanjic, Bojan"]
[Black "Racic, Zoran"]
[Result "1-0"]
[WhiteElo "2145"]
[BlackElo "2073"]
[PlyCount "66"]
[EventDate "2004.05.20"]
[EventType "swiss"]
[EventRounds "9"]
[EventCountry "CRO"]
[SourceTitle "CBM 100 Extra"]
[Source "ChessBase"]
[SourceDate "2004.07.06"]
[SourceVersion "2"]
[SourceVersionDate "2004.07.06"]
[SourceQuality "1"]

1. c4 Nf6 2. Nc3 g6 3. Nf3 Bg7 4. g3 Nc6 5. Bg2 0-0 6. 0-0 d5 7. cxd5 Nxd5 8. Nxd5 Qxd5 9. d3 Qb5 10. Rb1 Be6 11. b3 Nb4 12. Qd2 c5 13. Bb2 Rad8 14. Bxg7 Kxg7 15. Qb2+ Kg8 16. a3 Nc6 17. b4 cxb4 18. axb4 Bd5 19. Rfc1 b6 20. e4 Be6 21. d4 Bg4 22. d5 Nb8 23. Ne5 Bc8 24. Bf1 Qe8 25. Ra1 a6 26. Qd4 f6 27. Nc4 e5 28. Qxb6 Bg4 29. h3 Bf3 30. Qe3 Bxe4 31. Qxe4 f5 32. Qxe5 Qxe5 33. Nxe5 Rxd5 1-0

[Event "CRO Cup"]
[Site "Rabac"]
[Date "2004.06.24"]
[Round "5"]
[White "Vlahov, Davor"]
[Black "Racic, Zoran"]
[Result "1/2-1/2"]
[WhiteElo "2209"]
[BlackElo "2073"]
[PlyCount "109"]
[EventDate "2004.05.20"]
[EventType "swiss"]
[EventRounds "9"]
[EventCountry "CRO"]
[SourceTitle "CBM 100 Extra"]
[Source "ChessBase"]
[SourceDate "2004.07.06"]
[SourceVersion "2"]
[SourceVersionDate "2004.07.06"]
[SourceQuality "1"]

1. e4 Nf6 2. Nc3 e5 3. Nf3 Nc6 4. Bc4 Bc5 5. d3 h6 6. Be3 Bxe3 7. fxe3 d6 8. 0-0 0-0 9. Qe1 Na5 10. Bb3 Nxb3 11. axb3 c6 12. Qg3 b5 13. Nh4 Nh5 14. Qf2 g6 15. h3 Qg5 16. Kh2 a5 17. g4 Ng7 18. Rg1 Be6 19. Rg2 b4 20. Ne2 Qe7 21. Nf5 Bxf5 22. gxf5 Qf6 23. Rag1 Kh8 24. Rg3 Rg8 25. Qg2 Nxf5 26. exf5 Qxf5 27. e4 Qe6 28. Qf3 d5 29. Qe3 Kh7 30. Qf3 f5 31. exf5 gxf5 32. Rxg8 Rxg8 33. Rxg8 Kxg8 34. d4 Kf7 35. Kg2 Qf6 36. Qe3 e4 37. Qf4 Qg5+ 38. Kf2 Kg6 39. h4 Qf6 40. Ke3 Kf7 41. Ng3 Ke6 42. Qc7 c5 43. Qxc5 f4+ 44. Kf2 fxg3+ 45. Kxg3 Qf3+ 46. Kh2 e3 47. Qc8+ Kf7 48. Qd7+ Kg6 49. Qe8+ Kf5 50. Qe5+ Kg4 51. Qe6+ Kxh4 52. Qxh6+ Kg4 53. Qg6+ Kf4 54. Qf6+ Kg4 55. Qg6+ 1/2-1/2